TH-SOF-1207-Online Signature Verification using Segmented Local and Hybrid Features (Record no. 577096)
[ view plain ]
| 000 -LEADER | |
|---|---|
| fixed length control field | 00461nam a22001577a 4500 |
| 003 - CONTROL NUMBER IDENTIFIER | |
| control field | NUST |
| 038 ## - RECORD CONTENT LICENSOR | |
| Staff Name | . |
| 082 ## - DEWEY DECIMAL CLASSIFICATION NUMBER | |
| Classification number | 200 THE |
| 100 ## - MAIN ENTRY--PERSONAL NAME | |
| Personal name | Madiha Tahir |
| 9 (RLIN) | 70038 |
| 245 ## - TITLE STATEMENT | |
| Title | TH-SOF-1207-Online Signature Verification using Segmented Local and Hybrid Features |
| 260 ## - PUBLICATION, DISTRIBUTION, ETC. | |
| Place of publication, distribution, etc. | Islamabad |
| Name of publisher, distributor, etc. | NUST College of EME |
| Date of publication, distribution, etc. | 2016. |
| 563 ## - BINDING INFORMATION | |
| Binding note | . |
| 650 ## - SUBJECT ADDED ENTRY--TOPICAL TERM | |
| Topical term or geographic name entry element | MS-COMPUTER ENGINEERING-77 |
| 9 (RLIN) | 85082 |
| 700 ## - ADDED ENTRY--PERSONAL NAME | |
| Personal name | Supervisor Dr. Muhammad Usman Akram |
| 9 (RLIN) | 85083 |
| 942 ## - ADDED ENTRY ELEMENTS (KOHA) | |
| Koha item type | Thesis |
| Source of classification or shelving scheme | |
| Withdrawn status | Lost status | Source of classification or shelving scheme | Damaged status | Not for loan | Permanent Location | Current Location | Shelving location | Date acquired | Full call number | Barcode | Date last seen | Price effective from | Koha item type |
|---|---|---|---|---|---|---|---|---|---|---|---|---|---|
| College of Electrical & Mechanical Engineering (CEME) | College of Electrical & Mechanical Engineering (CEME) | Reference | 11/18/2019 | 200 THE | TH-SOF-1207 | 06/28/2021 | 06/28/2021 | Reference |
